<?xml version="1.0" encoding="UTF-8"?>
<record
    xmlns:xsi="http://www.w3.org/2001/XMLSchema-instance"
    xsi:schemaLocation="http://www.loc.gov/MARC21/slim http://www.loc.gov/standards/marcxml/schema/MARC21slim.xsd"
    xmlns="http://www.loc.gov/MARC21/slim">

  <leader>00421nam a2200157   4500</leader>
  <controlfield tag="003">OSt</controlfield>
  <controlfield tag="008">240515b        |||||||| |||| 00| 0 eng d</controlfield>
  <datafield tag="020" ind1=" " ind2=" ">
    <subfield code="a">9789356812222</subfield>
  </datafield>
  <datafield tag="082" ind1=" " ind2=" ">
    <subfield code="a">371.268</subfield>
  </datafield>
  <datafield tag="100" ind1=" " ind2=" ">
    <subfield code="a">GKP</subfield>
  </datafield>
  <datafield tag="245" ind1=" " ind2=" ">
    <subfield code="a">GATE 2024 Civil Engineering</subfield>
    <subfield code="b">33 Years 'Topic wise Previous Solved Papers</subfield>
  </datafield>
  <datafield tag="260" ind1=" " ind2=" ">
    <subfield code="a">New Delhi</subfield>
    <subfield code="b">GK Publication (p) Ltd.</subfield>
    <subfield code="c">2023</subfield>
  </datafield>
  <datafield tag="300" ind1=" " ind2=" ">
    <subfield code="a">877</subfield>
  </datafield>
  <datafield tag="700" ind1=" " ind2=" ">
    <subfield code="a">GARG, Vinit Ed.</subfield>
  </datafield>
  <datafield tag="942" ind1=" " ind2=" ">
    <subfield code="2">ddc</subfield>
    <subfield code="c">REF</subfield>
  </datafield>
  <datafield tag="999" ind1=" " ind2=" ">
    <subfield code="c">12697</subfield>
    <subfield code="d">12697</subfield>
  </datafield>
  <datafield tag="952" ind1=" " ind2=" ">
    <subfield code="0">0</subfield>
    <subfield code="1">0</subfield>
    <subfield code="2">ddc</subfield>
    <subfield code="4">0</subfield>
    <subfield code="7">0</subfield>
    <subfield code="8">GENERAL</subfield>
    <subfield code="a">PIET</subfield>
    <subfield code="b">PIET</subfield>
    <subfield code="d">2024-03-27</subfield>
    <subfield code="e">Zaffa Books and Distributors</subfield>
    <subfield code="f">In Rupees</subfield>
    <subfield code="g">545.00</subfield>
    <subfield code="k">ZBD0457</subfield>
    <subfield code="l">0</subfield>
    <subfield code="o">371.268</subfield>
    <subfield code="p">36888</subfield>
    <subfield code="r">2024-05-15 00:00:00</subfield>
    <subfield code="v">626.50</subfield>
    <subfield code="w">2024-03-27</subfield>
    <subfield code="y">REF</subfield>
  </datafield>
</record>
